00535nam a2200193 a 450000100060000000300090000600800410001502000150005604000280007108200100009910000290010924500360013826000380017430000080021249000290022065000300024965000310027965000310031020354CO-ViMGA141112s2004 ck r 000 u spa d a8466605533 aCO-ViMGAbspacCO-ViMGA04aANDme1 aAndersen, Hans Cristhian10aLos mejores cuentos de Andersen aBarcelona : bEdiciones B, c2001 a68p aRelatos de hoy y siempre14aANIMALES EN LA LITERATURA14aCUENTOS INFANTILES DANESES14aPRINCESAS EN LA LITERATURA